| 000 | 03526cam a2200541 i 4500 | ||
|---|---|---|---|
| 001 | in00024365363 | ||
| 003 | DLC | ||
| 005 | 20260130091924.0 | ||
| 007 | t| | ||
| 008 | 251212s2025 nyua c b 001 0 eng | ||
| 010 | _a 2025049040 | ||
| 020 |
_a9798217111909 _q(hardcover) |
||
| 020 |
_a9798217111916 _q(trade paperback) |
||
| 020 |
_z9798217111923 _q(epub) |
||
| 035 | _a(OCoLC)1561184640 | ||
| 040 |
_aDLC _beng _erda _cDLC _dDLC-MRC |
||
| 042 | _apcc | ||
| 050 | 0 | 0 |
_aRC569.5.I54 _bH35 2025 |
| 082 | 0 | 4 |
_a616.85/84 _223/eng/20251216 |
| 100 | 1 |
_aHaidt, Jonathan _eauthor _4aut _4http://id.loc.gov/vocabulary/ relators/aut _0http://id.loc.gov/authorities/names/n2002109010 _1http:// id.loc.gov/rwo/agents/n2002109010 _950855 |
|
| 245 | 1 | 4 |
_aThe amazing generation : _byour guide to fun and freedom in a screen-filled world / _cwritten by Jonathan Haidt and Catherine Price ; illustrated by Cynthia Yuan Cheng. |
| 246 | 1 | 4 |
_aAmazing generation : _bhow to choose fun and freedom in a screen-filled world |
| 264 | 1 |
_aNew York, NY : _bRocky Pond Books, _c[2025] |
|
| 300 |
_a235 pages : _bcolor illustrations ; _c22 cm |
||
| 334 |
_asingle unit _bmono _0http://id.loc.gov/vocabulary/issuance/mono |
||
| 336 |
_atext _0http://id.loc.gov/vocabulary/contentTypes/ txt |
||
| 336 | _astill image | ||
| 337 |
_aunmediated _0http://id.loc.gov/vocabulary/mediaTypes/n |
||
| 338 |
_avolume _0http://id.loc.gov/vocabulary/carriers/nc |
||
| 504 | _aIncludes bibliographical references and index. | ||
| 505 | 0 | _aThe greedy wizards and the curse of the stones -- The tech wizards' rise, and their lies -- Secrets of the tech wizards. The tech wizards aren't selling apps, they're selling you ; "Free" apps can cost a lot ; The tech wizards are hacking your brain ; The tech wizards are rewiring your brain ; The tech wizards know their products are hurting kids -- to be a rebel -- Your future is in your hands. | |
| 521 |
_aAges 9-12 years. _bRocky Pond Books. |
||
| 520 | _a"A guidebook on avoiding smartphone and social media addiction"-- Provided by publisher. | ||
| 588 |
_aDescription based on publisher data. _5TnLvILS |
||
| 650 | 0 |
_aSocial media addiction _vJuvenile literature _96385848 |
|
| 650 | 0 |
_aInternet addiction in adolescence _vJuvenile literature _96560131 |
|
| 650 | 0 |
_aSmartphones _xHealth aspects _vJuvenile literature _96560132 |
|
| 650 | 1 |
_aSocial media _xPsychological aspects. _96422915 |
|
| 650 | 1 |
_aInternet _xPsychological aspects. _96533177 |
|
| 650 | 1 |
_aSmartphones _xHealth aspects. _96560133 |
|
| 655 | 7 |
_aSelf-help publications. _2lcgft _95768964 |
|
| 700 | 1 |
_aPrice, Catherine, _d1978- _eauthor _4http://id.loc.gov/vocabulary/ relators/aut _0http://id.loc.gov/authorities/names/n2010007086 _1http:// id.loc.gov/rwo/agents/n2010007086 _96427627 |
|
| 700 | 1 |
_aCheng, Cynthia Yuan _eillustrator _4http://id.loc.gov/vocabulary/ relators/ill _0http://id.loc.gov/authorities/names/no2022154656 _1http:// id.loc.gov/rwo/agents/no2022154656 _96460339 |
|
| 758 | _1http://id.loc.gov/resources/instances/in00024365363 | ||
| 758 |
_4http://id.loc.gov/ontologies/bibframe/instanceOf _1http:// id.loc.gov/resources/works/in00024365363 |
||
| 776 | 1 |
_iOnline version _4http://id.loc.gov/entities/relationships/ onlineversion _aHaidt, Jonathan _tAmazing generation _dNew York, NY : Rocky Pond Books, [2025] _z9798217111923 _w(DLC) 2025049041 |
|
| 884 |
_aDLC bibframe2marc v3.1-dev _g20251212 _qDLC _uhttps://github.com/ lcnetdev/bibframe2marc/tree/v3.1-dev |
||
| 999 |
_c415950 _d415950 |
||